000
00274nam a22001097a 4500
008
170106b xxu||||| |||| 00| 0 eng d
020
_a
9780801690099
041
_a
eng
080
_a
618.2
245
_a
FIRST AID RESPONDING TO EMERGENCIES
_c
AMERICAN RED CROSS
942
_2
udc
_c
BK
999
_c
2599
_d
2599